[Event "Titled Tuesday intern op 15th Aug Early"]
[Site "Chess.com INT"]
[Date "2023.08.15"]
[Round "2"]
[White "Aaditya, Dhingra"]
[Black "Goswami, Vedant"]
[Result "0-1"]
[WhiteElo "2457"]
[BlackElo "2034"]
[PlyCount "84"]
[EventDate "2023.08.15"]
[EventType "swiss (blitz)"]
[EventRounds "11"]
[EventCountry "USA"]
[SourceTitle "EXT 2024"]
[Source "ChessBase"]
[SourceDate "2023.10.10"]
[SourceVersion "1"]
[SourceVersionDate "2023.10.10"]
[SourceQuality "1"]

1. c4 c6 2. Nf3 d6 3. g3 e5 4. Bg2 g6 5. b3 Bg7 6. Bb2 Ne7 7. 0-0 0-0 8. Nc3 Bg4 9. Qc2 Na6 10. h3 Be6 11. Rad1 h6 12. d4 Qc7 13. e4 Rad8 14. Qe2 Kh7 15. d5 Bc8 16. Ne1 Rde8 17. Ba3 c5 18. Nd3 Bd7 19. Bc1 f5 20. exf5 Nxf5 21. Ne4 Nd4 22. Qb2 Bf5 23. Be3 Qd7 24. Kh2 Nc7 25. Rde1 a6 26. Bxd4 exd4 27. f4 Re7 28. Ndf2 Rfe8 29. g4 Bxe4 30. Rxe4 b5 31. Rfe1 Rxe4 32. Bxe4 Qf7 33. Qd2 Rf8 34. Nd3 Ne8 35. f5 gxf5 36. Bxf5+ Kh8 37. Nf4 Be5 38. Kg2 Bxf4 39. Qxf4 Qg7 40. Re6 d3 41. Rg6 Qxg6 42. Bxg6 Rxf4 0-1

[Event "Titled Tuesday intern op 15th Aug Early"]
[Site "Chess.com INT"]
[Date "2023.08.15"]
[Round "6"]
[White "Aaditya, Dhingra"]
[Black "Mammadzada, Gunay Vuqar Qizi"]
[Result "0-1"]
[WhiteElo "2457"]
[BlackElo "2448"]
[PlyCount "52"]
[EventDate "2023.08.15"]
[EventType "swiss (blitz)"]
[EventRounds "11"]
[EventCountry "USA"]
[SourceTitle "EXT 2024"]
[Source "ChessBase"]
[SourceDate "2023.10.10"]
[SourceVersion "1"]
[SourceVersionDate "2023.10.10"]
[SourceQuality "1"]

1. d4 d5 2. c4 c6 3. Nc3 Nf6 4. e3 g6 5. Nf3 Bg7 6. Be2 0-0 7. 0-0 Be6 8. b3 Ne4 9. Nxe4 dxe4 10. Ng5 Bf5 11. g4 e5 12. Nxf7 Rxf7 13. gxf5 gxf5 14. dxe5 Rd7 15. Qc2 Bxe5 16. Bb2 Rd2 17. Qxd2 Qxd2 18. Bxe5 Qxe2 19. Rad1 Na6 20. Rd7 Nc5 21. Rg7+ Kf8 22. Rxh7 Nd3 23. Bd4 c5 24. Bf6 a5 25. h4 Ra6 26. Rh6 Ne1 0-1